Expo Hormigón - ICH 2001. Feria Internacional de tecnología de moldajes y hormigón arquitectónico
Enregistré dans:
| Collectivités auteurs: | , |
|---|---|
| Format: | Livre |
| Langue: | espagnol |
| Publié: |
Santiago
ICH
2001
|
| Collection: | Artículos Técnicos
|
| Sujets: | |
| Tags: |
Ajouter un tag
Pas de tags, Soyez le premier à ajouter un tag!
|
MARC
| LEADER | 00000nam a2200000 a 4500 | ||
|---|---|---|---|
| 001 | UCI5015 | ||
| 003 | CL-VaPUC | ||
| 008 | 080311e20010000CL |||||||||||||||||spa|d | ||
| 082 | 0 | 4 | |a 693.5 |b INS |2 21 |
| 110 | 2 | |a Instituto del Cemento y del Hormigón de Chile |e author |9 527055 | |
| 710 | 2 | |a ICH |e author |9 527056 | |
| 245 | 1 | 0 | |a Expo Hormigón - ICH 2001. Feria Internacional de tecnología de moldajes y hormigón arquitectónico |
| 300 | |a 114 p | ||
| 942 | |c BK | ||
| 945 | |d 20080311 00:00:00 |a cmena | ||
| 260 | |a Santiago |b ICH |c 2001 | ||
| 650 | 0 | |a Materiales de construcción |9 260197 | |
| 650 | 7 | |a HORMIGON ARMADO |2 CL-VaPUC |9 527057 | |
| 650 | 7 | |a MOLDAJES |2 CL-VaPUC |9 479366 | |
| 650 | 7 | |a TECNOLOGIA DE LA CONSTRUCCION |2 CL-VaPUC |9 260196 | |
| 583 | |a last modification |c 20080311 00:00:00 |k Rodrigo Vera | ||
| 490 | 0 | |a Artículos Técnicos | |
| 999 | |c 328782 |d 328780 | ||